[Event "EU-ch blitz"]
[Site "Minsk"]
[Date "2015.12.18"]
[Round "11.23"]
[White "Bocharov, Dmitry"]
[Black "Nagibin, George"]
[Result "1-0"]
[WhiteElo "2558"]
[BlackElo "2402"]
[PlyCount "49"]
[EventDate "2015.12.18"]
[EventType "swiss (blitz)"]
[EventRounds "22"]
[EventCountry "BLR"]
[SourceTitle "EXT 2017"]
[Source "ChessBase"]
[SourceDate "2016.10.25"]
[SourceVersion "1"]
[SourceVersionDate "2016.10.25"]
[SourceQuality "1"]

1. d4 g6 2. c4 Bg7 3. e4 d6 4. Nc3 Nc6 5. Nge2 e5 6. Be3 Nf6 7. f3 0-0 8. d5 Ne7 9. Qd2 Ne8 10. g4 c5 11. dxc6 bxc6 12. 0-0-0 Be6 13. Ng3 Qa5 14. h4 c5 15. h5 Nc6 16. Qh2 Nd4 17. hxg6 fxg6 18. Qxh7+ Kf7 19. Rh6 Rb8 20. Qxg6+ Ke7 21. Nf5+ Bxf5 22. gxf5 Bxh6 23. Bxh6 Nf6 24. Bg5 Rxb2 25. Nd5+ 1-0

[Event "EU-ch blitz"]
[Site "Minsk"]
[Date "2015.12.18"]
[Round "12.23"]
[White "Nagibin, George"]
[Black "Bocharov, Dmitry"]
[Result "0-1"]
[WhiteElo "2402"]
[BlackElo "2558"]
[PlyCount "58"]
[EventDate "2015.12.18"]
[EventType "swiss (blitz)"]
[EventRounds "22"]
[EventCountry "BLR"]
[SourceTitle "EXT 2017"]
[Source "ChessBase"]
[SourceDate "2016.10.25"]
[SourceVersion "1"]
[SourceVersionDate "2016.10.25"]
[SourceQuality "1"]

1. d4 Nf6 2. Nf3 e6 3. Bg5 h6 4. Bh4 d6 5. Nbd2 g5 6. Bg3 Nh5 7. e4 Bg7 8. c3 Nd7 9. Bc4 a6 10. a4 b6 11. Qb3 Qe7 12. 0-0-0 0-0 13. Nf1 Bb7 14. Bd3 c5 15. h4 g4 16. N3h2 cxd4 17. cxd4 Ndf6 18. f3 gxf3 19. gxf3 b5 20. a5 Nxg3 21. Nxg3 Qc7+ 22. Kb1 Qxa5 23. Rhg1 Kh8 24. d5 Nd7 25. Nh5 Nc5 26. Rxg7 Nxb3 27. e5 Qa1+ 28. Kc2 Rac8+ 29. Kxb3 Qa4# 0-1

[Event "Moscow-chT U26 final"]
[Site "Moscow"]
[Date "2010.11.28"]
[Round "8"]
[White "Shvydkin, Pavel"]
[Black "Nagibin, George"]
[Result "1-0"]
[WhiteElo "2064"]
[BlackElo "2409"]
[PlyCount "71"]
[EventDate "2010.11.07"]
[EventType "team-tourn"]
[EventRounds "9"]
[EventCountry "RUS"]
[SourceTitle "EXT 2012"]
[Source "ChessBase"]
[SourceDate "2011.11.24"]
[SourceVersion "1"]
[SourceVersionDate "2011.11.24"]
[SourceQuality "1"]

1. e4 c5 2. Nc3 Nc6 3. g3 g6 4. Bg2 Bg7 5. d3 d6 6. f4 e6 7. Nf3 Nge7 8. 0-0 0-0 9. Be3 Nd4 10. e5 Nef5 11. Bf2 Nxf3+ 12. Qxf3 Nd4 13. Qd1 dxe5 14. fxe5 Bxe5 15. Ne4 f5 16. Nxc5 Qc7 17. b4 a5 18. c3 Nb5 19. d4 Bg7 20. Qd3 Nd6 21. b5 Bd7 22. b6 Qc8 23. Rfe1 Re8 24. c4 Kh8 25. Rac1 Bc6 26. d5 exd5 27. cxd5 Bb5 28. Qb3 Rxe1+ 29. Rxe1 Bc4 30. Qc2 Ba6 31. Qa4 Bb5 32. Qf4 Ne4 33. Bxe4 fxe4 34. Ne6 Qc3 35. Nxg7 Qxg7 36. Qxe4 1-0

[Event "Moscow-chT U26 final"]
[Site "Moscow"]
[Date "2010.11.09"]
[Round "2"]
[White "Nagibin, George"]
[Black "Glek, Igor Vladimirovich"]
[Result "0-1"]
[WhiteElo "2409"]
[BlackElo "2467"]
[PlyCount "130"]
[EventDate "2010.11.07"]
[EventType "team-tourn"]
[EventRounds "9"]
[EventCountry "RUS"]
[SourceTitle "CBM 139 Extra"]
[Source "ChessBase"]
[SourceDate "2011.01.05"]
[SourceVersion "1"]
[SourceVersionDate "2011.01.05"]
[SourceQuality "1"]

1. d4 e6 2. g3 c5 3. c3 Nf6 4. Bg2 d5 5. Nf3 Nc6 6. 0-0 Be7 7. a3 a5 8. Ne5 0-0 9. f4 a4 10. e3 Bd7 11. Nd2 b5 12. g4 Ne8 13. b4 axb3 14. Nxb3 c4 15. Nc5 Nxe5 16. fxe5 Bc6 17. e4 Bxc5 18. exd5 Bxd5 19. dxc5 Nc7 20. Be3 Bxg2 21. Kxg2 Nd5 22. Bd4 Ra5 23. Qf3 Qa8 24. Rfb1 Rb8 25. Rf1 Rb7 26. Rfb1 h6 27. Kg3 Rxa3 28. Rxa3 Qxa3 29. h4 Qa2 30. c6 Rc7 31. Rxb5 Qa8 32. g5 hxg5 33. hxg5 Qxc6 34. Ra5 Rc8 35. Ra7 Qe8 36. Kg4 Ne7 37. Qb7 Nc6 38. Ra1 Nxd4 39. cxd4 c3 40. Kf4 c2 41. Rc1 Qc6 42. Qxc6 Rxc6 43. g6 fxg6 44. Kg5 Rc3 45. Kxg6 Rg3+ 46. Kh5 Rg2 47. Kh4 Kf7 48. Kh3 Rd2 49. Kg3 Kg6 50. Kf3 Rxd4 51. Rxc2 Kf5 52. Ra2 g5 53. Ra8 g4+ 54. Kf2 Rd2+ 55. Ke3 Rb2 56. Ra5 g3 57. Kf3 g2 58. Ra1 Kxe5 59. Kg3 Kd4 60. Kh2 e5 61. Kg1 e4 62. Ra4+ Ke5 63. Ra3 Kf4 64. Rg3 Rb1+ 65. Kxg2 Rg1+ 0-1

[Event "Moscow 07"]
[Site "Moscow"]
[Date "2009.07.24"]
[Round "11"]
[White "Volkov, Sergey"]
[Black "Nagibin, George"]
[Result "1/2-1/2"]
[WhiteElo "2607"]
[BlackElo "2392"]
[PlyCount "34"]
[EventDate "2009.07.13"]
[EventType "tourn"]
[EventRounds "11"]
[EventCountry "RUS"]
[EventCategory "7"]
[SourceTitle "CBM 131 Extra"]
[Source "ChessBase"]
[SourceDate "2009.09.03"]
[SourceVersion "2"]
[SourceVersionDate "2009.09.16"]
[SourceQuality "1"]

1. e4 e6 2. d4 d5 3. exd5 exd5 4. Bd3 Bd6 5. Qe2+ Qe7 6. Qxe7+ Nxe7 7. Ne2 Bf5 8. Bxf5 Nxf5 9. c3 0-0 10. Bf4 Bxf4 11. Nxf4 Re8+ 12. Kd2 c6 13. Re1 Nd7 14. Rxe8+ Rxe8 15. Na3 Nf6 16. f3 g5 17. Nd3 h5 1/2-1/2

[Event "Moscow 07"]
[Site "Moscow"]
[Date "2009.07.16"]
[Round "4"]
[White "Bagirov, Rufat"]
[Black "Nagibin, George"]
[Result "1-0"]
[WhiteElo "2467"]
[BlackElo "2392"]
[PlyCount "49"]
[EventDate "2009.07.13"]
[EventType "tourn"]
[EventRounds "11"]
[EventCountry "RUS"]
[EventCategory "7"]
[SourceTitle "CBM 131 Extra"]
[Source "ChessBase"]
[SourceDate "2009.09.03"]
[SourceVersion "2"]
[SourceVersionDate "2009.09.16"]
[SourceQuality "1"]

1. d4 e6 2. e4 d5 3. Nc3 Bb4 4. e5 c5 5. a3 Bxc3+ 6. bxc3 Ne7 7. Qg4 Kf8 8. Bd2 Qc7 9. Bd3 b6 10. Nf3 Ba6 11. dxc5 Qxc5 12. 0-0 Bxd3 13. cxd3 Nbc6 14. a4 h5 15. Qg5 Nf5 16. Bc1 Qxc3 17. Ba3+ Nce7 18. Rfc1 Qxd3 19. Nh4 Ke8 20. Nxf5 Nxf5 21. Rc7 Qa6 22. Re7+ Kf8 23. Rxa7+ Kg8 24. Rxa6 Rxa6 25. Bd6 1-0

[Event "RUS-chT2 16th"]
[Site "Dagomys"]
[Date "2009.04.04"]
[Round "3"]
[White "Vysochin, Spartak"]
[Black "Nagibin, George"]
[Result "1-0"]
[WhiteElo "2543"]
[BlackElo "2386"]
[PlyCount "41"]
[EventDate "2009.04.02"]
[EventType "tourn"]
[EventRounds "9"]
[EventCountry "RUS"]
[SourceTitle "CBM 129 Extra"]
[Source "ChessBase"]
[SourceDate "2009.05.05"]
[SourceVersion "2"]
[SourceVersionDate "2009.05.20"]
[SourceQuality "1"]

1. e4 c5 2. c3 d5 3. exd5 Qxd5 4. d4 Nf6 5. Nf3 Bg4 6. dxc5 Qxd1+ 7. Kxd1 e5 8. b4 e4 9. h3 Bh5 10. g4 Nxg4 11. hxg4 Bxg4 12. Nbd2 exf3 13. Bd3 Nc6 14. Re1+ Be7 15. Kc2 Be6 16. Nxf3 0-0-0 17. Bg5 Rhe8 18. Bxh7 g6 19. Bxg6 Bg4 20. Bxe7 Rxe7 21. Rxe7 1-0

[Event "Moscow CC Mephi 1st League"]
[Site "Moscow"]
[Date "2009.02.28"]
[Round "15"]
[White "Nagibin, George"]
[Black "Klimov, Vladimir"]
[Result "1/2-1/2"]
[WhiteElo "2366"]
[BlackElo "2312"]
[PlyCount "30"]
[EventDate "2009.02.16"]
[EventType "tourn"]
[EventRounds "15"]
[EventCountry "RUS"]
[EventCategory "1"]
[SourceTitle "CBM 129 Extra"]
[Source "ChessBase"]
[SourceDate "2009.05.05"]
[SourceVersion "2"]
[SourceVersionDate "2009.05.20"]
[SourceQuality "1"]

1. e4 e6 2. d4 d5 3. exd5 exd5 4. Bd3 Bd6 5. Ne2 Ne7 6. Bf4 Bf5 7. 0-0 0-0 8. c3 c6 9. Re1 Re8 10. Bxd6 Qxd6 11. Ng3 Bxd3 12. Qxd3 Nd7 13. Nd2 Ng6 14. Nf3 Nf6 15. h3 h6 1/2-1/2

[Event "Moscow CC Mephi 1st League"]
[Site "Moscow"]
[Date "2009.02.23"]
[Round "9"]
[White "Nagibin, George"]
[Black "Chepel, Nikolay"]
[Result "1-0"]
[WhiteElo "2366"]
[BlackElo "2291"]
[PlyCount "73"]
[EventDate "2009.02.16"]
[EventType "tourn"]
[EventRounds "15"]
[EventCountry "RUS"]
[EventCategory "1"]
[SourceTitle "CBM 129 Extra"]
[Source "ChessBase"]
[SourceDate "2009.05.05"]
[SourceVersion "2"]
[SourceVersionDate "2009.05.20"]
[SourceQuality "1"]

1. e4 c5 2. Nf3 Nc6 3. d4 cxd4 4. Nxd4 Nf6 5. Nc3 e5 6. Ndb5 d6 7. Bg5 a6 8. Na3 b5 9. Bxf6 gxf6 10. Nd5 f5 11. Bd3 Be6 12. 0-0 Bxd5 13. exd5 Ne7 14. c4 Bg7 15. Rb1 e4 16. Be2 0-0 17. cxb5 f4 18. bxa6 Ng6 19. f3 f5 20. b4 Qg5 21. Kh1 Rf6 22. fxe4 fxe4 23. b5 Nh4 24. Bg4 Nxg2 25. Be6+ Kh8 26. Qg4 Qxg4 27. Bxg4 Ne3 28. b6 Nxf1 29. b7 Rff8 30. bxa8Q Rxa8 31. Rxf1 Rxa6 32. Nc4 Be5 33. Nxe5 dxe5 34. Rd1 Rd6 35. Bf5 e3 36. Be4 Ra6 37. Bf3 1-0

[Event "RUS-chT2"]
[Site "Sochi"]
[Date "2008.04.04"]
[Round "2"]
[White "Chuprikov, Dmitry"]
[Black "Nagibin, George"]
[Result "0-1"]
[WhiteElo "2433"]
[BlackElo "2356"]
[PlyCount "56"]
[EventDate "2008.04.03"]
[EventType "team-tourn"]
[EventRounds "9"]
[EventCountry "RUS"]
[SourceTitle "CBM 123 Extra"]
[Source "ChessBase"]
[SourceDate "2008.05.06"]
[SourceVersion "1"]
[SourceVersionDate "2008.05.06"]
[SourceQuality "1"]

1. d4 g6 2. e4 Bg7 3. Nc3 d6 4. Be3 Nc6 5. d5 Nb8 6. Qd2 c6 7. 0-0-0 Qa5 8. Nge2 c5 9. Kb1 b5 10. Nc1 b4 11. N3e2 Nd7 12. f3 Rb8 13. Ng3 h5 14. h4 Ba6 15. Bxa6 Qxa6 16. Qe2 Qa4 17. f4 Nh6 18. e5 dxe5 19. fxe5 Bxe5 20. Bxh6 Rxh6 21. Ne4 f6 22. d6 Rh7 23. g4 Qb5 24. Qg2 Qc4 25. gxh5 gxh5 26. Rhe1 Rb6 27. dxe7 Rxe7 28. Nd3 Bd4 0-1

[Event "RUS-chT2"]
[Site "Sochi"]
[Date "2007.05.06"]
[Round "4"]
[White "Nagibin, George"]
[Black "Meshkov, Yuri A"]
[Result "0-1"]
[WhiteElo "2330"]
[BlackElo "2389"]
[PlyCount "98"]
[EventDate "2007.05.03"]
[EventType "team"]
[EventRounds "9"]
[EventCountry "RUS"]
[SourceTitle "CBM 118 Extra"]
[Source "ChessBase"]
[SourceDate "2007.07.04"]
[SourceVersion "1"]
[SourceVersionDate "2007.07.04"]
[SourceQuality "1"]

1. d4 g6 2. Nf3 Bg7 3. c4 c5 4. e3 Nf6 5. Nc3 0-0 6. Be2 d5 7. 0-0 cxd4 8. exd4 dxc4 9. Bxc4 Bg4 10. Be3 Nc6 11. d5 Ne5 12. Be2 Bxf3 13. Bxf3 Ne8 14. Be2 Nd6 15. Qb3 a6 16. Rfd1 Rc8 17. Rac1 Nec4 18. Bxc4 Rxc4 19. Na4 Rxc1 20. Rxc1 Qd7 21. Nb6 Qf5 22. Qc2 Qxc2 23. Rxc2 Rd8 24. Rc7 Bxb2 25. Rxe7 Ba3 26. Rc7 Bb4 27. g4 Ba5 28. Bg5 Bxb6 29. Bxd8 Bxc7 30. Bxc7 Ne4 31. d6 Nc5 32. Bb6 Nd7 33. Bd4 f6 34. f4 f5 35. gxf5 gxf5 36. Kg2 Kf7 37. Kg3 Ke6 38. Kh4 Kxd6 39. Kg5 Kd5 40. Bb2 Ke4 41. Ba3 Nb6 42. h4 Nd5 43. Bd6 Nxf4 44. Kh6 Ne2 45. Kxh7 f4 46. Bb4 f3 47. Be1 Nf4 48. a4 b5 49. axb5 axb5 0-1

[Event "Serpukhov IM"]
[Site "Serpukhov"]
[Date "2007.04.19"]
[Round "1"]
[White "Nagibin, George"]
[Black "Vorontsov, Nikolay"]
[Result "1-0"]
[WhiteElo "2330"]
[BlackElo "2300"]
[PlyCount "87"]
[EventDate "2007.04.19"]
[EventType "tourn"]
[EventRounds "10"]
[EventCountry "RUS"]
[EventCategory "1"]
[SourceTitle "EXT 2022"]
[Source "ChessBase"]
[SourceDate "2021.10.06"]
[SourceVersion "1"]
[SourceVersionDate "2021.10.06"]
[SourceQuality "1"]

1. d4 Nf6 2. c4 g6 3. Nc3 d5 4. Bg5 Ne4 5. Bh4 Nxc3 6. bxc3 dxc4 7. e3 Be6 8. Nf3 Bg7 9. Qb1 b6 10. Ng5 Bd5 11. e4 h6 12. exd5 hxg5 13. Qb5+ Qd7 14. Qxd7+ Nxd7 15. Bxg5 Rh5 16. h4 Bf6 17. Be2 Rh8 18. Kd2 b5 19. a4 b4 20. Bxc4 bxc3+ 21. Kxc3 Nb6 22. Bxf6 exf6 23. a5 Nxc4 24. Kxc4 Kd7 25. g3 Rae8 26. Rhe1 Rxe1 27. Rxe1 Rb8 28. Re3 f5 29. Rf3 a6 30. g4 Rb5 31. h5 Rxa5 32. h6 Ra4+ 33. Kb3 Ra1 34. Rh3 Rb1+ 35. Kc4 Rb8 36. g5 f6 37. gxf6 Rh8 38. Kc5 a5 39. h7 a4 40. f7 Ke7 41. Kc6 g5 42. Kxc7 g4 43. d6+ Kxf7 44. Rh1 1-0

[Event "Moscow Rector Cup"]
[Site "Moscow"]
[Date "2006.07.04"]
[Round "4"]
[White "Nagibin, George"]
[Black "Alexandrova, Varvara"]
[Result "1/2-1/2"]
[WhiteElo "2312"]
[BlackElo "2212"]
[PlyCount "40"]
[EventDate "2006.07.02"]
[EventType "tourn"]
[EventRounds "15"]
[EventCountry "RUS"]
[SourceTitle "EXT 2008"]
[Source "ChessBase"]
[SourceDate "2007.11.25"]
[SourceVersion "1"]
[SourceVersionDate "2007.11.25"]
[SourceQuality "1"]

1. e4 e5 2. Nf3 Nf6 3. Nxe5 d6 4. Nf3 Nxe4 5. Qe2 Qe7 6. d3 Nf6 7. Qxe7+ Bxe7 8. Be2 0-0 9. 0-0 Re8 10. Nc3 c6 11. Bg5 Nbd7 12. Rfe1 Bf8 13. Bf1 h6 14. Rxe8 Nxe8 15. Re1 Nef6 16. Bf4 Nb6 17. Nd4 Nbd5 18. Nxd5 Nxd5 19. Bg3 Bg4 20. h3 Bh5 1/2-1/2

[Event "Pardubice op-A"]
[Site "Pardubice"]
[Date "2005.07.27"]
[Round "6"]
[White "Nagibin, George"]
[Black "Simek, Petr1"]
[Result "1-0"]
[WhiteElo "2338"]
[BlackElo "2240"]
[PlyCount "111"]
[EventDate "2005.07.22"]
[EventType "swiss"]
[EventRounds "9"]
[EventCountry "CZE"]
[SourceTitle "CBM 107 Extra"]
[Source "ChessBase"]
[SourceDate "2005.09.01"]
[SourceVersion "1"]
[SourceVersionDate "2005.09.01"]
[SourceQuality "1"]

1. d4 Nf6 2. Nf3 d5 3. Bf4 e6 4. e3 Be7 5. Nbd2 c5 6. c3 Bd7 7. Bd3 Qb6 8. Qb3 Nc6 9. 0-0 Nh5 10. Qxb6 axb6 11. Bc7 Bd8 12. Bxd8 Kxd8 13. a3 Ke7 14. Rae1 Rhd8 15. Bc2 Nf6 16. h3 Kf8 17. Kh2 h6 18. g4 Re8 19. Ne5 Nxe5 20. dxe5 Ng8 21. f4 Ne7 22. Nf3 b5 23. Rf2 Rec8 24. h4 b4 25. axb4 cxb4 26. cxb4 Nc6 27. b5 Nb4 28. Nd4 Bxb5 29. Rg1 Rc5 30. f5 exf5 31. Bxf5 Nc6 32. Bd7 Kg8 33. g5 hxg5 34. Rxg5 Bd3 35. Bxc6 bxc6 36. e6 fxe6 37. Nxe6 Rc2 38. Rxc2 Bxc2 39. Rxg7+ Kh8 40. Rc7 Rb8 41. Rxc6 Rxb2 42. Kg3 Kh7 43. Ng5+ Kg7 44. h5 Bb1 45. h6+ Kf8 46. h7 Bxh7 47. Nxh7+ Ke7 48. Nf6 Re2 49. Kf4 d4 50. e4 d3 51. Ke5 Rc2 52. Nd5+ Kf7 53. Rf6+ Ke8 54. Rf1 d2 55. Rd1 Kd7 56. Ne3 1-0

[Event "Pardubice op-A"]
[Site "Pardubice"]
[Date "2005.07.23"]
[Round "2"]
[White "Nagibin, George"]
[Black "Walentukiewicz, Michal"]
[Result "1-0"]
[WhiteElo "2338"]
[BlackElo "2114"]
[PlyCount "119"]
[EventDate "2005.07.22"]
[EventType "swiss"]
[EventRounds "9"]
[EventCountry "CZE"]
[SourceTitle "CBM 107 Extra"]
[Source "ChessBase"]
[SourceDate "2005.09.01"]
[SourceVersion "1"]
[SourceVersionDate "2005.09.01"]
[SourceQuality "1"]

1. d4 g6 2. Nf3 Bg7 3. c4 c5 4. e3 Nf6 5. Nc3 cxd4 6. exd4 0-0 7. Be2 d5 8. 0-0 Nc6 9. Be3 e6 10. Rc1 dxc4 11. Bxc4 Nd5 12. Bxd5 exd5 13. Qb3 Be6 14. Qxb7 Na5 15. Qa6 Nc4 16. Bg5 Qc8 17. Qxc8 Rfxc8 18. b3 Nb2 19. Ne2 Nd3 20. Rcd1 Rc2 21. Rxd3 Rxe2 22. Rd2 Rxd2 23. Bxd2 Bg4 24. Ne5 Bxe5 25. dxe5 Rc8 26. Rc1 Rxc1+ 27. Bxc1 Kf8 28. f3 Bf5 29. Kf2 Bb1 30. a3 Ba2 31. b4 Ke7 32. b5 Bc4 33. a4 Bb3 34. a5 Bc4 35. Be3 Bxb5 36. Bxa7 Ke6 37. Bd4 h5 38. Ke3 Kd7 39. Kf4 Bf1 40. Kg5 Ke7 41. f4 Bd3 42. h3 Ke6 43. g4 hxg4 44. hxg4 Ke7 45. f5 gxf5 46. gxf5 Ba6 47. e6 Bc8 48. Bc5+ Ke8 49. Kf4 d4 50. Bxd4 Ke7 51. Bc5+ Ke8 52. Ke5 fxe6 53. f6 Ba6 54. Bf2 Be2 55. Bh4 Kf7 56. Bf2 Ke8 57. Kxe6 Kd8 58. Kd6 Bh5 59. Kc6 Kc8 60. Bg3 1-0

[Event "Pardubice Skanska op"]
[Site "Pardubice"]
[Date "2004.07.23"]
[Round "1"]
[White "Jaracz, Pawel"]
[Black "Nagibin, George"]
[Result "1/2-1/2"]
[WhiteElo "2536"]
[BlackElo "2296"]
[PlyCount "182"]
[EventDate "2004.07.23"]
[EventType "swiss"]
[EventRounds "9"]
[EventCountry "CZE"]
[SourceTitle "CBM 101 Extra"]
[Source "ChessBase"]
[SourceDate "2004.09.01"]
[SourceVersion "2"]
[SourceVersionDate "2004.09.01"]
[SourceQuality "1"]

1. d4 g6 2. e4 Bg7 3. Nc3 d6 4. Nf3 c6 5. h3 Nf6 6. Bf4 0-0 7. Qd2 b5 8. Bd3 a5 9. Bh6 b4 10. Ne2 Ba6 11. Ng3 Bxd3 12. cxd3 Nbd7 13. 0-0 e5 14. Bxg7 Kxg7 15. dxe5 Nxe5 16. Nh2 c5 17. d4 Nc6 18. dxc5 dxc5 19. Qg5 Nd4 20. Qxc5 Rc8 21. Qg5 h6 22. Qf4 Qb6 23. Rad1 Ne6 24. Qd2 Rfd8 25. Qe2 b3 26. axb3 Qxb3 27. Rxd8 Rxd8 28. Ng4 Nf4 29. Qa6 Nxg4 30. hxg4 Qxb2 31. Qxa5 Rd2 32. Qa1 Qxa1 33. Rxa1 Nd3 34. Rf1 Nf4 35. Re1 Kf6 36. Nf1 Ra2 37. Ne3 Ke5 38. Nc4+ Kd4 39. Nd6 f6 40. Rd1+ Ke5 41. Nc4+ Ke6 42. Rd6+ Ke7 43. Rd2 Rxd2 44. Nxd2 h5 45. gxh5 Nxh5 46. Kh2 f5 47. Kh3 Kf6 48. exf5 gxf5 49. g3 Ng7 50. f4 Ne6 51. Nf3 Nc5 52. Ng5 Nd3 53. Kg2 Kg6 54. Kf3 Kf6 55. Ke3 Nc1 56. Nf3 Nb3 57. Nh4 Nc5 58. Kd4 Nb3+ 59. Ke3 Nc5 60. Ng2 Nb3 61. Kd3 Nc1+ 62. Kd2 Nb3+ 63. Kc3 Nc5 64. Kd4 Nb3+ 65. Kd5 Nc1 66. Ne3 Ne2 67. Nf1 Nc3+ 68. Kc4 Ne4 69. Kd4 Nf2 70. Ke3 Ng4+ 71. Ke2 Ke6 72. Ne3 Nf6 73. Kf3 Nd7 74. Nd1 Nf6 75. Nc3 Nd7 76. Ke3 Nf6 77. Kd4 Nh5 78. Ne2 Nf6 79. Kc5 Ne4+ 80. Kc6 Nd2 81. Nd4+ Kf6 82. Kd5 Nf1 83. Ne2 Ne3+ 84. Kd6 Nf1 85. Kd7 Ne3 86. Ke8 Nf1 87. Kf8 Ne3 88. Kg8 Nf1 89. Kh7 Ne3 90. Kh6 Ng4+ 91. Kh5 Ne3 1/2-1/2